Detalles MARC
| 000 -CABECERA |
| campo de control de longitud fija |
02402nam a2200337 i 4500 |
| 001 - NÚMERO DE CONTROL |
| campo de control |
000025991 |
| 003 - IDENTIFICADOR DEL NÚMERO DE CONTROL |
| campo de control |
DO-SdBNP |
| 005 - FECHA Y HORA DE LA ÚLTIMA TRANSACCIÓN |
| campo de control |
20260321073641.0 |
| 007 - CAMPO FIJO DE DESCRIPCIÓN FÍSICA--INFORMACIÓN GENERAL |
| campo de control de longitud fija |
ta |
| 008 - DATOS DE LONGITUD FIJA--INFORMACIÓN GENERAL |
| campo de control de longitud fija |
110225s1988 dr 000 0 spa d |
| 040 ## - FUENTE DE LA CATALOGACIÓN |
| Centro catalogador/agencia de origen |
DO-SdBNP |
| Lengua de catalogación |
spa |
| Centro/agencia transcriptor |
BNPHU |
| Normas de descripción |
rda |
| 041 ## - CÓDIGO DE LENGUA |
| Código de lengua original |
spa |
| 082 #4 - NÚMERO DE LA CLASIFICACIÓN DECIMAL DEWEY |
| Número de clasificación |
972.93 |
| Número de documento/Ítem |
B742d |
| Número de edición |
22 |
| 100 1# - ENTRADA PRINCIPAL--NOMBRE DE PERSONA |
| Nombre de persona |
Bosch, Juan, |
| Fechas asociadas al nombre |
1909-2001 |
| Término indicativo de función/relación |
autor |
| Código de función/relación |
aut. |
| 9 (RLIN) |
76555 |
| 245 14 - MENCIÓN DE TÍTULO |
| Título |
Las dictaduras dominicanas / |
| Mención de responsabilidad, etc. |
Juan Bosch. |
| 264 #1 - PRODUCCIÓN, PUBLICACIÓN, DISTRIBUCIÓN, FABRICACIÓN Y COPYRIGHT |
| Producción, publicación, distribución, fabricación y copyright |
Santo Domingo, República Dominicana : |
| Nombre del de productor, editor, distribuidor, fabricante |
Editora Alfa & Omega ; |
| Fecha de producción, publicación, distribución, fabricación o copyright |
1988. |
| 300 ## - DESCRIPCIÓN FÍSICA |
| Extensión |
207 páginas ; |
| Dimensiones |
21 cm. |
| 336 ## - TIPO DE CONTENIDO |
| Término de tipo de contenido |
texto |
| Código de tipo de contenido |
txt |
| Fuente |
rdacontent |
| 337 ## - TIPO DE MEDIO |
| Nombre/término del tipo de medio |
sin mediación |
| Código del tipo de medio |
n |
| Fuente |
rdamedia |
| 338 ## - TIPO DE SOPORTE |
| Nombre/término del tipo de soporte |
volumen |
| Código del tipo de soporte |
nc |
| Fuente |
rdacarrier |
| 505 0# - NOTA DE CONTENIDO CON FORMATO |
| Nota de contenido con formato |
Palabras de introducción -- |
| Título |
Una colonia despoblada -- |
| -- |
La aparición del capitalismo en nuestro país -- |
| -- |
Situación de desorden general -- |
| -- |
El país desconocía el orden -- |
| -- |
Lo que era el país en el año 1888 -- |
| -- |
Lo que era el país en el año 1888 -- |
| -- |
El panorama de un país sin caminos -- |
| -- |
El tránsito del precapitalismo al capitalismo -- |
| -- |
Se reanuda el estado de desorden general -- |
| -- |
Bolos contra rabuses y rabuses contra bolos -- |
| -- |
Cada quien hacía lo que le daba la gana -- |
| -- |
El desorden general en el año 1906 -- |
| -- |
Guayubín, un general de esos tiempos -- |
| -- |
Más guerras y la división de los bolos -- |
| -- |
Desiderio Arias. Su papel en la actividad política nacional -- |
| -- |
Ocupación militar del país por Estados Unidos -- |
| -- |
La ley de registro de tierras -- |
| -- |
La situación económica hacia el año 1920 -- |
| -- |
El atraso en la sociedad y en el comercio -- |
| -- |
Las puertas del poder se abren para Trujillo -- |
| -- |
Trujillo: único jefe militar y político del país -- |
| -- |
Uso constante del terror trujillista -- |
| -- |
Los asesinatos dentro y fuera del país -- |
| -- |
Planes de asesinatos de presidentes caribeños -- |
| -- |
La acumulación originaria trujillista -- |
| -- |
La situación económica del país en 1930 -- |
| -- |
El impulso al desarrollo industrial, obra de la dictadura de Trujillo. |
| 590 ## - NOTA LOCAL (RLIN) |
| Nota local |
Inventariado, 2023/BT |
| 600 14 - PUNTO DE ACCESO ADICIONAL DE MATERIA--NOMBRE DE PERSONA |
| Nombre de persona |
Heureaux, Ulises, |
| Fechas asociadas al nombre |
1845-1899 |
| 9 (RLIN) |
598 |
| 600 14 - PUNTO DE ACCESO ADICIONAL DE MATERIA--NOMBRE DE PERSONA |
| Nombre de persona |
Trujillo Molina, Rafael Leónidas, |
| Fechas asociadas al nombre |
1891-1961 |
| 9 (RLIN) |
76764 |
| 650 #4 - PUNTO DE ACCESO ADICIONAL DE MATERIA--TÉRMINO DE MATERIA |
| Término de materia o nombre geográfico como elemento de entrada |
Presidentes |
| Subdivisión geográfica |
República Dominicana |
| 9 (RLIN) |
599 |
| 650 #4 - PUNTO DE ACCESO ADICIONAL DE MATERIA--TÉRMINO DE MATERIA |
| Término de materia o nombre geográfico como elemento de entrada |
Dictadores |
| Subdivisión geográfica |
República Dominicana |
| 9 (RLIN) |
601 |
| 651 #4 - PUNTO DE ACCESO ADICIONAL DE MATERIA--NOMBRE GEOGRÁFICO |
| Nombre geográfico |
República Dominicana |
| Subdivisión general |
Historia |
| 9 (RLIN) |
170 |
| 651 #0 - PUNTO DE ACCESO ADICIONAL DE MATERIA--NOMBRE GEOGRÁFICO |
| Nombre geográfico |
República Dominicana |
| Subdivisión general |
Política y gobierno |
| 9 (RLIN) |
45 |
| 910 ## - DATOS DE OPCIÓN DEL USUARIO (OCLC) |
| Datos de opción del usuario |
Validado. Control de calidad. MMOLINA |
| 942 ## - ELEMENTOS DE PUNTO DE ACCESO ADICIONAL (KOHA) |
| Fuente del sistema de clasificación o colocación |
Dewey Decimal Classification |
| Tipo de ítem Koha |
Libro |